| 000 | 00382 a2200109 4500 | ||
|---|---|---|---|
| 001 | ART_25971 | ||
| 005 | 20260410161935.0 | ||
| 008 | 260409a | ||
| 245 | 1 | 0 | _aPerspectivas del sindicalismo en las economÃas globalizadas |
| 100 | 1 | _aMontuschi, Luisa | |
| 773 | 0 |
_tAnales de la Academia Nacional de Ciencias Económicas _g- Vol. XLV, (2000) (ene. 2001) _wREV25596 |
|
| 999 |
_c28967 _d28967 |
||